| 000 | 00592nam a22002057a 4500 | ||
|---|---|---|---|
| 005 | 20251119151441.0 | ||
| 008 | 210626b th ||||| |||| 00| 0 tha d | ||
| 040 |
_beng _cAITISLIB |
||
| 041 | _aeng | ||
| 099 | _aJF-143 | ||
| 100 | 1 | _aMilness, Elen | |
| 245 | 1 | 0 | _aPooh's early to bed and early-to-rise hum |
| 246 | 2 | 3 |
_aDisney's: _bPooh's early to bed and early-to-rise hum |
| 260 |
_aS.l. _bDisney Enterprises, _cc1999 |
||
| 300 |
_a[12] p. : _bcol. ill.; _c18 cm. |
||
| 650 | 0 | _aJuvenile fiction | |
| 650 | 0 |
_aChildren's stories _xPictorial works |
|
| 850 | _aAITISLIB | ||
| 942 |
_cJF _012 |
||
| 999 |
_c129 _d129 |
||